[Event "British Chess Championships 2023: U12 Championship"]
[Site "The Venue, De Montfort University, 20 Western Boulevard, Leicester, LE2 7BU"]
[Date "2023.07.27"]
[Round "4"]
[Board "5"]
[White "Richmond, Frank"]
[Black "Yu, Rock"]
[Result "0-1"]
[WhiteElo "1708"]
[BlackElo "1658"]
[PlyCount "0"]
[EventDate "2023.07.25"]
[EventRounds "7"]
[EventCountry "ENG"]

1. e4 Nf6 2. e5 Nd5 3. c4 Nb6 4. d4 d6 5. f4 dxe5 6. fxe5 Nc6 7. Be3 Bf5 8. Nf3 e6
9. a3 Be7 10. Be2 O-O 11. O-O f6 12. b4 fxe5 13. Nxe5 Nxe5 14. dxe5 Bg5 15. Qd2 Qxd2
16. Bxd2 Bxd2 17. Nxd2 Rad8 18. Nb3 Nd7 19. g4 Be4 20. Rxf8+ Kxf8 21. Nd4 Ke7 22.
Bf3 Bxf3 23. Nxf3 Rf8 24. Kg2 Rf4 25. h3 Rxc4 26. Rf1 h6 27. g5 hxg5 28. Nxg5 Nxe5
29. Re1 Rc2+ 30. Kg1 Kf6 31. Nh7+ Kf5 32. Rf1+ Ke4 33. Ng5+ Ke3 34. Nxe6 Re2 35.
Ng5 Ra2 36. Re1+ Kf4 37. Ne6+ Kg3 38. Ng5 Rxa3 39. Kf1 Nf3 40. Nxf3 Rxf3+ 41. Ke2
Rf7 42. Ra1 a6 43. Ra3+ Kh4 44. Re3 Kg5 45. Kd3 Kf6 46. Kc4 Re7 47. Rd3 Ke6 48. h4
Rd7 49. Rg3 Rf7 50. Rg4 Kd6 51. Rg6+ Rf6 52. Rxg7 Rf4+ 53. Kb3 Rxh4 54. Rg6+ Kd7
55. Rg7+ Kc6 56. Rg6+ Kb5 57. Rg5+ Kb6 58. Rg6+ c6 59. Kc3 a5 60. bxa5+ Kxa5 61.
Rg7 b5 62. Rc7 Kb6 63. Rg7 b4+ 64. Kb3 Kb5 65. Rb7+ Kc5 66. Rc7 Rh3+ 67. Kb2 Kb5
68. Rb7+ Kc4 69. Rc7 c5 70. Rc8 Rh2+ 71. Kc1 b3 72. Kb1 Kb4 73. Kc1 c4 74. Rd8 Rh1+
75. Kd2 c3+ 76. Ke2 c2 77. Rb8+ Kc3 78. Rc8+ Kb2 79. Kd2 Rd1 80. Ke2 c1=Q  0-1

[Event "British Chess Championships 2023: U12 Championship"]
[Site "The Venue, De Montfort University, 20 Western Boulevard, Leicester, LE2 7BU"]
[Date "2023.07.27"]
[Round "4"]
[Board "6"]
[White "Sisupalan, Beni"]
[Black "Nguyen, Anh"]
[Result "0-1"]
[WhiteElo "1476"]
[BlackElo "1664"]
[PlyCount "0"]
[EventDate "2023.07.25"]
[EventRounds "7"]
[EventCountry "ENG"]

1. e4 c5 2. Nf3 d6 3. d4 cxd4 4. Nxd4 Nf6 5. Nc3 a6 6. Be3 e5 7. Nf3 Be7 8. Bg5 Nbd7
9. Bc4 O-O 10. O-O Nb6 11. Bb3 Be6 12. Qe2 Qc7 13. Nd2 Rac8 14. Rad1 Rfd8 15. h3
d5 16. exd5 Nfxd5 17. Nxd5 Nxd5 18. Bxd5 Bxd5 19. Bxe7 Qxe7 20. c4 Bc6 21. b3 Rd6
22. Ne4 Rd4 23. Ng3 Rcd8 24. Rxd4 Rxd4 25. f3 Qg5 26. Ne4 Bxe4 27. fxe4 Rd2 28. Qf3
f6 29. Rf2 Rd4 30. Qf5 Qxf5 31. exf5 Kf7 32. Kf1 Ke7 33. Ke2 Kd6 34. Ke3 Kc5 35.
a3 h5 36. Rf3 e4 37. Rf2 Rd3+ 38. Kxe4 Rxb3 39. Rc2 Rxa3 40. Rb2 Kc6 41. c5 Ra1 42.
Rb6+ Kc7 43. Rd6 Re1+ 44. Kf4 Re5 45. g4 hxg4 46. hxg4 Rxc5 47. Re6 Kd7 48. Rb6 Rb5
49. Re6 a5 50. Re3 Rb4+ 51. Kg3 a4 52. Rd3+ Ke7 53. Re3+ Kf7 54. Re1 a3 55. Ra1 Rb3+
56. Kf4 b5 57. Rc1 Rb4+ 58. Kf3 a2 59. g5 fxg5 60. f6 gxf6 61. Ke3 Rb1 62. Re1 Rxe1+
63. Kd2 a1=Q 64. Kd3 Qd1+ 65. Kc3 Re4 66. Kb2 Rb4+ 67. Kc3 Qd4+ 68. Kc2 Rb2+ 69.
Kc1 Qd2#  0-1

[Event "British Chess Championships 2023: U12 Championship"]
[Site "The Venue, De Montfort University, 20 Western Boulevard, Leicester, LE2 7BU"]
[Date "2023.07.27"]
[Round "4"]
[Board "7"]
[White "Marsden, Rupert"]
[Black "Beattie, Conor"]
[Result "1-0"]
[WhiteElo "1670"]
[BlackElo "1570"]
[PlyCount "0"]
[EventDate "2023.07.25"]
[EventRounds "7"]
[EventCountry "ENG"]

1. c4 b6 2. Nc3 Bb7 3. Nf3 e6 4. d4 Bb4 5. Qc2 Nf6 6. Bg5 O-O 7. g3 c5 8. dxc5 bxc5
9. Bg2 h6 10. Bd2 d5 11. O-O Ne4 12. a3 Bxc3 13. Bxc3 Nd7 14. Nd2 f5 15. cxd5 exd5
16. Nxe4 fxe4 17. Bxe4 dxe4 18. Qb3+ Rf7 19. Qxb7 Nf6 20. Qb3 Qd7 21. Bxf6 gxf6 22.
Qe3 Re8 23. Rac1 f5 24. Kh1 Kh7 25. Qf4 Qd4 26. Rc2 Ree7 27. Rfc1 Rb7 28. Rxc5 Qxb2
29. Rc6 Rf6 30. Rxf6 Qxf6 31. g4 Rf7 32. Qxf5+ Qxf5 33. gxf5 Rxf5 34. Rc4 Rxf2 35.
Rxe4 Kg6 36. Kg1 Rf5 37. Kg2 Ra5 38. a4 Kf5 39. Rb4 Kf6 40. Kf3 Ra6 41. h4 Ra5 42.
e4 a6 43. Kf4 Kf7 44. e5 Rc5 45. Kf5 Rc1 46. Rb7+ Ke8 47. Kf6 Kd8 48. Ra7 Rc6+ 49.
e6 Rd6 50. Kf7 Kc8 51. e7 Kb8 52. e8=Q+ Kxa7 53. Qe7+ Ka8 54. Qxd6 h5 55. Qd7 a5
56. Ke6 Kb8 57. Kd6 Ka8 58. Kc6 Kb8 59. Qb7#  1-0

[Event "British Chess Championships 2023: U12 Championship"]
[Site "The Venue, De Montfort University, 20 Western Boulevard, Leicester, LE2 7BU"]
[Date "2023.07.27"]
[Round "4"]
[Board "8"]
[White "Sefton, Adam"]
[Black "Chu, Edward"]
[Result "1-0"]
[WhiteElo "1685"]
[BlackElo "1550"]
[PlyCount "0"]
[EventDate "2023.07.25"]
[EventRounds "7"]
[EventCountry "ENG"]

1. e4 d6 2. d4 Nf6 3. Nc3 g6 4. Be3 Bg7 5. f3 Nbd7 6. Qd2 a6 7. Bh6 O-O 8. O-O-O
b5 9. h4 e5 10. Bxg7 Kxg7 11. g4 h5 12. gxh5 Nxh5 13. Nge2 Qf6 14. Bh3 Nb6 15. Bg4
Rh8 16. Qe1 Nc4 17. Nd5 Qd8 18. Bxh5 Rxh5 19. Ng3 Rh6 20. b3 Nb6 21. Nxb6 cxb6 22.
dxe5 Be6 23. exd6 Qd7 24. h5 g5 25. Qe3 Qd8 26. e5 Rc8 27. Ne4 Bf5 28. Rdg1 Kh7 29.
Nxg5+ Qxg5 30. Qxg5 Rxc2+ 31. Kd1 Rxd6+ 32. exd6 Rc1+ 33. Kxc1 Bg6 34. Qf6 Bxh5 35.
Rxh5#  1-0

[Event "British Chess Championships 2023: U12 Championship"]
[Site "The Venue, De Montfort University, 20 Western Boulevard, Leicester, LE2 7BU"]
[Date "2023.07.27"]
[Round "4"]
[Board "9"]
[White "Sui, Yueyue"]
[Black "Lebedev, Lion"]
[Result "0-1"]
[WhiteElo "1512"]
[BlackElo "1719"]
[PlyCount "0"]
[EventDate "2023.07.25"]
[EventRounds "7"]
[EventCountry "ENG"]

1. d4 d5 2. c4 c6 3. Nc3 Nf6 4. e3 Bf5 5. cxd5 cxd5 6. Qb3 Nc6 7. Qxb7 Bd7 8. Nb5
Rc8 9. Nf3 a6 10. Na7 Nxa7 11. Qxa7 e5 12. Bd2 exd4 13. Qxd4 Bd6 14. Bd3 O-O 15.
O-O Ne4 16. Bxe4 dxe4 17. Bc3 Rxc3 18. bxc3 Bb5 19. Rfd1 exf3 20. Qxd6 Qc8 21. Rac1
fxg2 22. c4 Bc6 23. Rd4 h6 24. Qb4 Re8 25. c5 Re5 26. Qb6 Re8 27. Rd6 Bb5 28. c6
Qg4 29. Rd4 Qe2 30. Kxg2 Re6 31. c7 Rxb6 32. c8=Q+ Kh7 33. Qc2+ Rg6+ 34. Qxg6+ Kxg6
35. a4 Bd3 36. Rc6+ Kh7 37. Rcd6 Qf1+ 38. Kf3 Qh3+ 39. Kf4 g5+ 40. Ke5 Qf5#  0-1

[Event "British Chess Championships 2023: U12 Championship"]
[Site "The Venue, De Montfort University, 20 Western Boulevard, Leicester, LE2 7BU"]
[Date "2023.07.27"]
[Round "4"]
[Board "10"]
[White "Catabay, Rezin C"]
[Black "Chandrashekhar, Druha"]
[Result "1-0"]
[WhiteElo "1579"]
[BlackElo "1516"]
[PlyCount "0"]
[EventDate "2023.07.25"]
[EventRounds "7"]
[EventCountry "ENG"]

1. d4 Nf6 2. c4 c5 3. d5 b5 4. cxb5 a6 5. e3 axb5 6. Bxb5 Qa5+ 7. Nc3 Na6 8. Bd2
Nxd5 9. Bxa6 Nxc3 10. Bxc8 Nxd1 11. Bxa5 Nxb2 12. Bc3 Na4 13. Bxd7+ Kxd7 14. Ne2
f6 15. O-O e5 16. f4 exf4 17. Rxf4 Bd6 18. Rg4 Rhg8 19. Rd1 Kc6 20. Rc4 Nb6 21. Re4
Rxa2 22. Re6 Rd8 23. Nf4 Nc4 24. e4 Raa8 25. Rd5 Kb5 26. Nd3 Nb6 27. Rdxd6 Rxd6 28.
Rxd6 Nc4 29. Rd5 Ra3 30. Rxc5+  1-0

[Event "British Chess Championships 2023: U12 Championship"]
[Site "The Venue, De Montfort University, 20 Western Boulevard, Leicester, LE2 7BU"]
[Date "2023.07.27"]
[Round "4"]
[Board "11"]
[White "Kilambi, Venkata Ananth Akshay"]
[Black "Brown, John"]
[Result "1-0"]
[WhiteElo "1533"]
[BlackElo "1486"]
[PlyCount "0"]
[EventDate "2023.07.25"]
[EventRounds "7"]
[EventCountry "ENG"]

1. c4 c5 2. Nf3 Nf6 3. d4 cxd4 4. Nxd4 e5 5. Nc2 b6 6. Nc3 Bb7 7. Bg5 Bc5 8. f3 h6
9. Be3 Bxe3 10. Nxe3 Nh5 11. g3 Qg5 12. Ned5 Na6 13. Ne4 Qg6 14. g4 Bxd5 15. Qxd5
Nc7 16. Qxe5+ Kd8 17. gxh5 Qc6 18. Qxg7 Ke7 19. Qe5+ Qe6 20. Qxc7 Rhc8 21. Qg3 Rxc4
22. Bh3 Qd5 23. Rd1 Qa5+ 24. Kf1  1-0

[Event "British Chess Championships 2023: U12 Championship"]
[Site "The Venue, De Montfort University, 20 Western Boulevard, Leicester, LE2 7BU"]
[Date "2023.07.27"]
[Round "4"]
[Board "12"]
[White "Ranasinghe, Chaniru"]
[Black "De Silva, Sithun"]
[Result "0-1"]
[WhiteElo "1524"]
[BlackElo "1664"]
[PlyCount "0"]
[EventDate "2023.07.25"]
[EventRounds "7"]
[EventCountry "ENG"]

1. d4 d5 2. Bf4 Nf6 3. e3 e6 4. Nf3 Nbd7 5. c3 c5 6. Nbd2 Be7 7. Bd3 b6 8. Ne5 Nxe5
9. dxe5 Nd7 10. Bg3 Bb7 11. O-O O-O 12. f4 d4 13. exd4 cxd4 14. cxd4 Nc5 15. Bc2
Qxd4+ 16. Kh1 Rfd8 17. Nf3 Qxb2 18. Qb1 Qxb1 19. Raxb1 Be4 20. Rbc1 Bd3 21. Bxd3
Rxd3 22. Bf2 Rad8 23. Nd4 R3xd4 24. Bxd4 Rxd4 25. f5 exf5 26. Rxf5 f6 27. exf6 Bxf6
28. Re1 Kf7 29. h3 Kg6 30. g4 Ne4 31. Kg2 Rd2+ 32. Kf3 Ng5+ 33. Kg3 Rd3+ 34. Kf4
Rf3#  0-1

[Event "British Chess Championships 2023: U12 Championship"]
[Site "The Venue, De Montfort University, 20 Western Boulevard, Leicester, LE2 7BU"]
[Date "2023.07.27"]
[Round "4"]
[Board "13"]
[White "Kendall, Arthur"]
[Black "Puthanveettil, Joshua"]
[Result "1-0"]
[WhiteElo "1438"]
[BlackElo "1419"]
[PlyCount "0"]
[EventDate "2023.07.25"]
[EventRounds "7"]
[EventCountry "ENG"]

1. e4 e5 2. Nf3 Nc6 3. Bb5 Nf6 4. Qe2 Bc5 5. c3 Qe7 6. O-O O-O 7. Rd1 Bb6 8. d3 a6
9. Ba4 h6 10. Be3 d6 11. h3 Bd7 12. Bc2 Rfe8 13. Nbd2 Ba7 14. Bxa7 Rxa7 15. Re1 d5
16. a3 Raa8 17. exd5 Nxd5 18. Nc4 f6 19. d4 exd4 20. Qd3 Qd8 21. Qh7+ Kf8 22. Rxe8+
Bxe8 23. Nh4 Nde7 24. Qh8+ Kf7 25. Bb3 Nd5 26. Nf5 Kg6 27. Qxg7+ Kxf5  1-0

[Event "British Chess Championships 2023: U12 Championship"]
[Site "The Venue, De Montfort University, 20 Western Boulevard, Leicester, LE2 7BU"]
[Date "2023.07.27"]
[Round "4"]
[Board "14"]
[White "Ding, Yiwen"]
[Black "Pandya, Dhairya"]
[Result "1/2-1/2"]
[WhiteElo "1511"]
[BlackElo "1569"]
[PlyCount "0"]
[EventDate "2023.07.25"]
[EventRounds "7"]
[EventCountry "ENG"]

1. d4 Nf6 2. c4 e6 3. Nf3 b6 4. g3 Bb7 5. Bg2 d6 6. Nc3 Nbd7 7. Qc2 c5 8. e3 Be7
9. O-O O-O 10. b3 d5 11. cxd5 Nxd5 12. Nxd5 Bxd5 13. dxc5 Nxc5 14. Nd4 Bxg2 15. Kxg2
Qd5+ 16. Kg1 Rac8 17. Qe2 e5 18. Nf5 Qe6 19. Nxe7+ Qxe7 20. Ba3 Qe6 21. Rac1 Rfd8
22. Bxc5 Rxc5 23. Rxc5 bxc5 24. Rd1 Rxd1+ 25. Qxd1 Qe7 26. Qd5 g6 27. e4 Kg7 28.
f4 Kf6 29. Kf2 Qc7 30. Kf3 h5 31. Qa8 Kg7 32. fxe5 Qxe5 33. Qxa7 Qc3+ 34. Kg2 Qd4
35. Qa4 Qd2+ 36. Kg1 Qe1+ 37. Kg2 Qe2+ 38. Kg1 Qe1+ 39. Kg2 Qe2+ 40. Kg1 Qe1+  1/2-1/2

[Event "British Chess Championships 2023: U12 Championship"]
[Site "The Venue, De Montfort University, 20 Western Boulevard, Leicester, LE2 7BU"]
[Date "2023.07.27"]
[Round "4"]
[Board "15"]
[White "Lukhi, Neev"]
[Black "Bates, Hubert"]
[Result "1-0"]
[WhiteElo "1588"]
[BlackElo "1368"]
[PlyCount "141"]
[EventDate "2023.07.25"]
[EventRounds "7"]
[EventCountry "ENG"]

1. d4 Nf6 2. Bf4 d5 3. e3 c5 4. c3 Nc6 5. Nd2 Bf5 6. Ngf3 e6 7. Qb3 Qb6 8. Qxb6 axb6
9. h3 c4 10. Nh4 Bg6 11. Nxg6 hxg6 12. Be2 b5 13. O-O b4 14. Rfb1 bxc3 15. bxc3 Ra7
16. e4 Kd8 17. Bg5 Be7 18. Bf3 dxe4 19. Nxe4 Nxe4 20. Bxe7+ Nxe7 21. Bxe4 Nd5 22.
Bxd5 exd5 23. Rb5 Rh5 24. a4 Kc7 25. a5 Kc6 26. Rab1 Ra6 27. Rxb7 Rf5 28. R7b6+ Rxb6
29. Rxb6+ Kc7 30. Rb5 Rf6 31. Rxd5 Ra6 32. Rc5+ Kd6 33. f3 f6 34. Kf2 g5 35. g4 g6
36. Ke3 Ra8 37. Kd2 Rh8 38. a6 Rxh3 39. Ra5 Rh8 40. a7 Ra8 41. Kc2 f5 42. Ra6+ Kd5
43. Rxg6 fxg4 44. Rxg5+ Kd6 45. Rxg4 Rxa7 46. Rg6+ Kd5 47. Rg5+ Kd6 48. Rc5 Rf7 49.
Rxc4 Rxf3 50. Rc5 Rh3 51. Rg5 Rh2+ 52. Kd3 Rh3+ 53. Kc4 Rh4 54. Rg6+ Kd7 55. Kc5
Kc7 56. Rg7+ Kd8 57. d5 Ke8 58. d6 Kd8 59. c4 Rf4 60. Kd5 Rh4 61. c5 Kc8 62. Kc6
Rh8 63. Re7 Kd8 64. Ra7 Ke8 65. Ra8+ Kf7 66. Rxh8 Kg7 67. Re8 Kh7 68. d7 Kh6 69.
d8=Q Kg7 70. Qd6 Kh7 71. Re7+  1-0

[Event "British Chess Championships 2023: U12 Championship"]
[Site "The Venue, De Montfort University, 20 Western Boulevard, Leicester, LE2 7BU"]
[Date "2023.07.27"]
[Round "4"]
[Board "16"]
[White "Burnside, Aidan"]
[Black "Blin, Henri"]
[Result "1-0"]
[WhiteElo "1345"]
[BlackElo "1211"]
[PlyCount "67"]
[EventDate "2023.07.25"]
[EventRounds "7"]
[EventCountry "ENG"]

1. e4 c5 2. Nc3 Nc6 3. f4 g6 4. Nf3 Bg7 5. Bc4 e6 6. d3 Nge7 7. O-O O-O 8. f5 d5
9. Bb3 Nd4 10. Qe1 Nxb3 11. axb3 Qd7 12. Ng5 h6 13. f6 hxg5 14. Bxg5 Bh8 15. Rf3
dxe4 16. dxe4 Qd4+ 17. Kh1 Nf5 18. exf5 exf5 19. Rf4 Qd8 20. Rd1 Qb6 21. Nd5 Qd8
22. Ne7+ Qxe7 23. fxe7 Re8 24. Rd8 Be6 25. Rxe8+ Rxe8 26. Qa5 f6 27. Qd8 Kf7 28.
Rh4 Bg7 29. Rh7 fxg5 30. Rxg7+ Kxg7 31. Qxe8 Bf7 32. Qf8+ Kf6 33. e8=Q g4 34. Qee7#
 1-0

[Event "British Chess Championships 2023: U12 Championship"]
[Site "The Venue, De Montfort University, 20 Western Boulevard, Leicester, LE2 7BU"]
[Date "2023.07.27"]
[Round "4"]
[Board "17"]
[White "Hariharan, Shambavi"]
[Black "Fang, Brandon Jun Qiao"]
[Result "1-0"]
[WhiteElo "1615"]
[BlackElo "1404"]
[PlyCount "99"]
[EventDate "2023.07.25"]
[EventRounds "7"]
[EventCountry "ENG"]

1. d4 Nf6 2. c4 g6 3. g3 Bg7 4. Bg2 O-O 5. Nf3 d6 6. O-O c6 7. Nc3 Bg4 8. Qb3 Qc8
9. e4 Na6 10. Be3 Rb8 11. Rac1 Bh3 12. a3 Bxg2 13. Kxg2 Nh5 14. Ne2 f5 15. c5+ Kh8
16. cxd6 fxe4 17. Ng5 h6 18. Nf7+ Rxf7 19. Qxf7 exd6 20. Qxg6 Qe8 21. Qf5 Nf6 22.
Bxh6 Bxh6 23. Qxf6+ Kh7 24. Nf4 Bxf4 25. Qxf4 Qe7 26. Rfe1 d5 27. Qf5+ Kh6 28. f3
Re8 29. fxe4 dxe4 30. Re3 Qg5 31. Qh3+ Kg6 32. Rce1 Nc7 33. Qd7 Re7 34. Qd6+ Kf7
35. h4 Qd5 36. Rf1+ Ke8 37. Qg6+ Kd8 38. Qf6 Ne8 39. Qh8 Qa5 40. Rf2 c5 41. dxc5
Qxc5 42. Rd2+ Rd7 43. Rxd7+ Kxd7 44. Qh7+ Kd8 45. Qxe4 Nf6 46. Rd3+ Nd7 47. Qd5 Qc2+
48. Rd2 Qh7 49. Qxb7 Ke8 50. Qc8+  1-0

[Event "British Chess Championships 2023: U12 Championship"]
[Site "The Venue, De Montfort University, 20 Western Boulevard, Leicester, LE2 7BU"]
[Date "2023.07.27"]
[Round "4"]
[Board "18"]
[White "Gupta, Aditya"]
[Black "Ashton, Alannah"]
[Result "0-1"]
[WhiteElo "1393"]
[BlackElo "1497"]
[PlyCount "100"]
[EventDate "2023.07.25"]
[EventRounds "7"]
[EventCountry "ENG"]

1. e4 c5 2. c3 d5 3. exd5 Qxd5 4. d4 g6 5. Nf3 Bg7 6. Bb5+ Nc6 7. Bxc6+ Qxc6 8. h3
cxd4 9. cxd4 Nf6 10. Nc3 O-O 11. O-O Nd5 12. Nxd5 Qxd5 13. Be3 Bd7 14. Qd2 Rac8 15.
Bh6 Bf5 16. Bxg7 Kxg7 17. Rfc1 Rfd8 18. b3 Bxh3 19. Rxc8 Rxc8 20. Re1 Bg4 21. Re5
Qd6 22. Nh2 Be6 23. f4 Rd8 24. Nf3 Bg4 25. Nh2 Bd7 26. Qe3 Bc6 27. Rxe7 Qxd4 28.
Nf1 Qxe3+ 29. Rxe3 Rd1 30. a4 Rb1 31. Kf2 Rb2+ 32. Re2 Rxb3 33. a5 Ra3 34. Ng3 Rxa5
35. Nf1 Ra4 36. g3 b5 37. Nd2 Ra2 38. Ke1 Ra1+ 39. Kf2 b4 40. Nb3 Ra3 41. Nd4 Bd5
42. Re5 Bc4 43. Rc5 Bd3 44. Nf3 b3 45. Rc3 b2 46. Rxa3 b1=Q 47. Rxa7 Qb6+ 48. Ke1
Qe3+ 49. Kd1 Qe2+ 50. Kc1 Qc2#  0-1

[Event "British Chess Championships 2023: U12 Championship"]
[Site "The Venue, De Montfort University, 20 Western Boulevard, Leicester, LE2 7BU"]
[Date "2023.07.27"]
[Round "4"]
[Board "19"]
[White "Gill, Veer"]
[Black "Wang, Yuan Ya"]
[Result "1-0"]
[WhiteElo "1443"]
[BlackElo "1130"]
[PlyCount "99"]
[EventDate "2023.07.25"]
[EventRounds "7"]
[EventCountry "ENG"]

1. e4 e5 2. Nf3 Nc6 3. d4 exd4 4. Nxd4 d5 5. Nc3 dxe4 6. Be3 Nxd4 7. Bxd4 Nf6 8.
Qd2 Bf5 9. O-O-O Bd6 10. Bb5+ c6 11. Bc4 Be7 12. Qe2 Qc7 13. Bxf6 Bxf6 14. Nxe4 Bxb2+
15. Kxb2 O-O 16. Nc3 Qa5 17. Rhe1 Qb4+ 18. Bb3 a5 19. Qc4 Qb6 20. Qd4 Qd8 21. Qxd8
Raxd8 22. Rxd8 Rxd8 23. Re7 Rf8 24. Rxb7 Be6 25. Rc7 Rc8 26. Rxc8+ Bxc8 27. Ba4 Bb7
28. f3 f6 29. Ne4 Kf8 30. Nd6 Ba8 31. Nc4 Ke7 32. Nxa5 c5 33. Bc6 Bxc6 34. Nxc6+
Kd6 35. Na5 Kc7 36. Kc3 Kb6 37. Nc4+ Kb5 38. Nd6+ Kc6 39. Ne4 Kb5 40. Kb3 h6 41.
a4+ Kb6 42. Kc4 f5 43. Nd6 f4 44. Ne4 g5 45. Nxc5 h5 46. Ne4 g4 47. Kb4 g3 48. hxg3
fxg3 49. Nxg3 h4 50. Nf5  1-0

[Event "British Chess Championships 2023: U12 Championship"]
[Site "The Venue, De Montfort University, 20 Western Boulevard, Leicester, LE2 7BU"]
[Date "2023.07.27"]
[Round "4"]
[Board "20"]
[White "Tagg, George"]
[Black "Rughani, Mahin"]
[Result "0-1"]
[WhiteElo "1253"]
[BlackElo "1687"]
[PlyCount "82"]
[EventDate "2023.07.25"]
[EventRounds "7"]
[EventCountry "ENG"]

1. e4 d6 2. Nf3 Nf6 3. Nc3 c6 4. d4 Qa5 5. Bd2 Qc7 6. Bc4 b5 7. Bb3 a5 8. a3 Nbd7
9. Ng5 e6 10. Qf3 h6 11. Qh3 Nb6 12. Qh4 Be7 13. e5 dxe5 14. dxe5 Qxe5+ 15. Nge4
Nfd5 16. Qg4 h5 17. Qg3 Qxg3 18. Nxg3 h4 19. Nge4 a4 20. Ba2 Ba6 21. O-O-O O-O-O
22. Nxd5 cxd5 23. Ng5 Rh5 24. f4 Rf8 25. b3 Bxa3+ 26. Kb1 axb3 27. cxb3 Be7 28. Rc1+
Kd7 29. Nf3 Bf6 30. Rc2 Rc8 31. Rxc8 Nxc8 32. Ba5 Ne7 33. Rc1 Nc6 34. Bb6 b4 35.
Rc5 Bd3+ 36. Kc1 Be7 37. Ne5+ Nxe5 38. Rc7+ Kd6 39. fxe5+ Rxe5 40. Ra7 Bg5+ 41. Kd1
Rf5  0-1

[Event "British Chess Championships 2023: U12 Championship"]
[Site "The Venue, De Montfort University, 20 Western Boulevard, Leicester, LE2 7BU"]
[Date "2023.07.27"]
[Round "4"]
[Board "21"]
[White "Volovich, Andrew"]
[Black "Tomy, Judith"]
[Result "1-0"]
[WhiteElo "1373"]
[BlackElo "1291"]
[PlyCount "123"]
[EventDate "2023.07.25"]
[EventRounds "7"]
[EventCountry "ENG"]

1. e4 e5 2. Nf3 Nc6 3. Bc4 Be7 4. c3 Nf6 5. Qb3 O-O 6. Ng5 d5 7. exd5 Na5 8. Qa4
Nxc4 9. Qxc4 Nxd5 10. Nf3 Nb6 11. Qe2 Bg4 12. b3 Re8 13. Ba3 Bxa3 14. Nxa3 e4 15.
O-O exf3 16. Qb5 fxg2 17. Rfe1 Be2 18. Rxe2 Rxe2 19. Qxe2 Qe8 20. Re1 Qxe2 21. Rxe2
Nd5 22. Re4 Nf6 23. Re7 Rd8 24. Rxc7 g6 25. d4 Re8 26. Rxb7 Re1+ 27. Kxg2 Nh5 28.
Nc4 Nf4+ 29. Kf3 Nd5 30. Rxa7 Nxc3 31. Ne3 Nb5 32. Ra8+ Kg7 33. d5 Nd4+ 34. Ke4 Nc2
35. Kd3 Nb4+ 36. Kc3 Nxa2+ 37. Rxa2 Rc1+ 38. Kd2 Rb1 39. Kc3 Rc1+ 40. Rc2 Rh1 41.
f3 Re1 42. Kd3 Rb1 43. Kc4 Ra1 44. Kb5 Ra8 45. b4 f5 46. d6 Rd8 47. Kc6 f4 48. Kc7
Re8 49. Nd5 Rf8 50. d7 Rf7 51. Nxf4 Kf6 52. Rc6+ Ke5 53. Ne6 h5 54. Kc8 Rxd7 55.
Kxd7 Kf5 56. b5 g5 57. Nxg5 Kxg5 58. b6 h4 59. b7 h3 60. b8=Q Kh5 61. Qg8 Kh4 62.
Rh6#  1-0

[Event "British Chess Championships 2023: U12 Championship"]
[Site "The Venue, De Montfort University, 20 Western Boulevard, Leicester, LE2 7BU"]
[Date "2023.07.27"]
[Round "4"]
[Board "22"]
[White "Singh, Avyanna"]
[Black "Paintin, Zac"]
[Result "1-0"]
[WhiteElo "1246"]
[BlackElo "1458"]
[PlyCount "49"]
[EventDate "2023.07.25"]
[EventRounds "7"]
[EventCountry "ENG"]

1. e4 c5 2. Nf3 d6 3. d4 cxd4 4. Qxd4 Nc6 5. Bb5 Qa5+ 6. Nc3 Bd7 7. Bxc6 Bxc6 8.
Bd2 Nf6 9. Nd5 Qd8 10. Nxf6+ exf6 11. O-O-O g6 12. Bc3 Bg7 13. Qxd6 Qxd6 14. Rxd6
Bxe4 15. Re1 O-O 16. Rxe4 Rad8 17. Rxd8 Rxd8 18. Rd4 Re8 19. Rd7 Bh6+ 20. Kd1 Re6
21. Bb4 Bf4 22. Rd8+ Kg7 23. Bf8+ Kg8 24. Bh6+ Re8 25. Rxe8#  1-0

[Event "British Chess Championships 2023: U12 Championship"]
[Site "The Venue, De Montfort University, 20 Western Boulevard, Leicester, LE2 7BU"]
[Date "2023.07.27"]
[Round "4"]
[Board "23"]
[White "Hilmi, Sofia"]
[Black "Pai, Sidhanth"]
[Result "0-1"]
[WhiteElo "1128"]
[BlackElo "1438"]
[PlyCount "104"]
[EventDate "2023.07.25"]
[EventRounds "7"]
[EventCountry "ENG"]

1. e4 e5 2. Nf3 Nc6 3. Bb5 a6 4. Ba4 Nf6 5. Nc3 b5 6. Bb3 d6 7. h3 Be7 8. d3 h6 9.
Be3 O-O 10. O-O Bd7 11. Nh2 Nh7 12. f4 exf4 13. Rxf4 Bg5 14. Rf3 Bxe3+ 15. Rxe3 Qg5
16. Qf3 Nd4 17. Qg3 Qxg3 18. Rxg3 b4 19. Nf3 Nxf3+ 20. Rxf3 bxc3 21. bxc3 Nf6 22.
Raf1 Be6 23. Rg3 Kh8 24. Rgf3 Bxb3 25. cxb3 Kg8 26. g4 Nd7 27. d4 Rae8 28. Re3 Nf6
29. Rfe1 g5 30. c4 Re7 31. e5 dxe5 32. Rxe5 Rxe5 33. Rxe5 Re8 34. Rxe8+ Nxe8 35.
Kf2 Kf8 36. c5 Ke7 37. Ke3 Nf6 38. a4 c6 39. Kd3 Kd7 40. Kc4 Kc7 41. b4 h5 42. b5
axb5+ 43. axb5 hxg4 44. hxg4 Nxg4 45. b6+ Kb7 46. Kd3 Nf6 47. Ke2 Nd5 48. Kf3 f5
49. Kf2 Nxb6 50. cxb6 Kxb6 51. Kf3 Kb5 52. Ke3 Kc4  0-1

[Event "British Chess Championships 2023: U12 Championship"]
[Site "The Venue, De Montfort University, 20 Western Boulevard, Leicester, LE2 7BU"]
[Date "2023.07.27"]
[Round "4"]
[Board "24"]
[White "Nilim, Armaan"]
[Black "Eccleston, Rowan"]
[Result "1-0"]
[WhiteElo "1351"]
[BlackElo "1028"]
[PlyCount "103"]
[EventDate "2023.07.25"]
[EventRounds "7"]
[EventCountry "ENG"]

1. c4 f5 2. d4 Nf6 3. Nc3 e6 4. Bg5 Bb4 5. Qc2 O-O 6. Nf3 d6 7. g3 Nbd7 8. Bg2 Rb8
9. O-O Bxc3 10. Qxc3 b6 11. Rad1 Bb7 12. e3 h6 13. Bxf6 Nxf6 14. Nd2 Bxg2 15. Kxg2
Rc8 16. f3 Qd7 17. b4 d5 18. c5 b5 19. c6 Qd6 20. Nb3 g5 21. Qc5 Qxc5 22. Nxc5 Kf7
23. Nd3 Ke7 24. Ne5 Rg8 25. Rc1 a6 26. a4 g4 27. axb5 axb5 28. Rc5 Rb8 29. fxg4 Nxg4
30. Nxg4 Rxg4 31. Ra1 Re4 32. Ra7 Rxe3 33. Rxc7+ Kf6 34. Ra7 Rd3 35. c7 Rc8 36. Rxb5
Rc3 37. Rc5 Rxc5 38. dxc5 Ke7 39. b5 Kd7 40. c6+ Kd6 41. b6 Kxc6 42. b7 Rxc7 43.
b8=Q Rxa7 44. Qxa7 Kd6 45. Kf3 Ke5 46. Ke3 h5 47. Qg7+ Kd6 48. Qg5 Kc5 49. Qxh5 d4+
50. Kd3 Kd5 51. g4 e5 52. Qxf5  1-0